[Event "Challenge"]
[Site "http://www.queenalice.com/game.php?id=1863283"]
[Date "2025.9.22"]
[Round "-"]
[White "Leanne"]
[Black "iliov2008"]
[Result "1-0"]
[WhiteElo "1383"]
[BlackElo "1495"]

1. f4 d5 2. Nf3 h5 3. g3 Nf6 4. Bg2 Nc6 5. O-O Bg4 6. Ne5 Nxe5 7. fxe5 Ne4 8.
Bxe4 dxe4 9. d4 a5 10. Nc3 f5 11. Be3 h4 12. Qe1 h3 13. d5 c6 14. d6 exd6 15.
exd6 Bxd6 16. Qf2 Bb4 17. Nxe4 a4 18. Bg5 Qd2 19. Nxd2 Rd8 20. Qe3+ Kf7 21. Bxd8
Rxd8 22. Qg5 Rxd2 23. e3 Rxc2 24. e4 Rxb2 25. exf5 Bd2 26. Qg6+ Kg8 27. f6 Bh6
28. Qxg4 Rd2 29. Qe6+ Kh7 30. f7 g6 31. f8=Q Bxf8 32. Rxf8 Kg7 33. Qg8+ Kh6 34.
Qh8+ Kg5 35. Qh4# 1-0

[Event "Challenge"]
[Site "http://www.queenalice.com/game.php?id=1863284"]
[Date "2025.9.22"]
[Round "-"]
[White "iliov2008"]
[Black "Leanne"]
[Result "1-0"]
[WhiteElo "1475"]
[BlackElo "1403"]

1. e4 e6 2. Nc3 d5 3. f3 dxe4 4. fxe4 c6 5. Nf3 Nd7 6. a4 e5 7. h4 Ngf6 8. Bc4
Qe7 9. d3 Nb6 10. Bg5 Nxc4 11. dxc4 Qe6 12. Bxf6 Qxf6 13. a5 Bg4 14. a6 Bxf3 15.
gxf3 Be7 16. axb7 Rd8 17. Qxd8+ Bxd8 18. b8=Q O-O 19. Qxa7 Qxf3 20. Qg1 Qh5 21.
Ra6 Bxh4+ 22. Kd2 f5 23. exf5 Qg5+ 24. Qxg5 Bxg5+ 25. Kd3 Rxf5 26. Rxc6 Rf3+ 27.
Ke2 e4 28. Nxe4 Re3+ 29. Kf2 Rxe4 30. Rh5 h6 31. b4 Rh4 32. Rxh4 Bxh4+ 33. Kg2
Bf6 34. Rc8+ Kh7 35. b5 1-0

[Event "Challenge"]
[Site "http://www.queenalice.com/game.php?id=1863614"]
[Date "2025.9.30"]
[Round "-"]
[White "Leanne"]
[Black "crisvolei"]
[Result "0-1"]
[WhiteElo "1368"]
[BlackElo "1548"]

1. b4 Nc6 2. b5 Nb4 3. c4 d5 4. e3 Bf5 5. Qb3 Nc2+ 6. Kd1 Nxa1 7. Qb2 Nc2 8. Nf3
dxc4 9. Bxc4 Nh6 10. d3 Bxd3 11. Bxd3 Qxd3+ 12. Bd2 Ng4 13. Qxc2 Nxf2+ 14. Kc1
Qxc2+ 15. Kxc2 Nxh1 16. Bc3 Nf2 17. Nbd2 O-O-O 18. e4 f6 19. Bd4 Ng4 20. e5 b6
21. h3 Nxe5 22. Bxe5 g5 23. Bc3 e5 0-1

[Event "Challenge"]
[Site "http://www.queenalice.com/game.php?id=1863615"]
[Date "2025.9.30"]
[Round "-"]
[White "crisvolei"]
[Black "Leanne"]
[Result "0-1"]
[WhiteElo "1559"]
[BlackElo "1359"]

1. e4 e5 2. d4 exd4 3. Qxd4 Nc6 4. Qc4 Ne5 5. Qd5 d6 6. f4 Nf6 7. Qc4 Nxc4 8.
Bxc4 d5 9. exd5 Be7 10. Ne2 O-O 11. Nd4 c5 12. Nb5 Bd7 13. N5c3 b5 14. Bd3 g6
15. O-O Bc8 16. f5 Nxd5 17. Bh6 Re8 18. Nxb5 Ne3 19. Bxe3 Bb7 20. c4 Bd6 21. h4
Rxe3 22. fxg6 fxg6 23. Nxd6 Qxd6 24. Rd1 Rae8 25. Nc3 Qf4 26. Nb5 Qxh4 27. Nd6
Re1+ 28. Rxe1 Rxe1+ 29. Rxe1 Qxe1+ 30. Bf1 Qe3+ 31. Kh1 Bxg2+ 32. Bxg2 Qd4 33.
Bd5+ Kf8 34. Nc8 Qxb2 35. a4 Qb8 36. Be6 h5 37. a5 g5 38. a6 Qc7 39. Kg2 g4 40.
Bf5 g3 41. Kg1 Qf4 42. Be6 Qf2+ 0-1

[Event "Challenge"]
[Site "http://www.queenalice.com/game.php?id=1863771"]
[Date "2025.10.4"]
[Round "-"]
[White "Leanne"]
[Black "Lordul"]
[Result "0-1"]
[WhiteElo "1384"]
[BlackElo "1755"]

1. e4 e5 2. Nf3 d6 3. Bb5+ c6 4. Be2 h6 5. O-O g5 6. d4 Bg7 7. dxe5 Bxe5 8. Nc3
Bxc3 9. bxc3 b5 10. Bb2 Rh7 11. e5 d5 12. Nd4 a6 13. a4 c5 14. axb5 a5 15. Nc6
Nxc6 0-1

[Event "Challenge"]
[Site "http://www.queenalice.com/game.php?id=1863772"]
[Date "2025.10.4"]
[Round "-"]
[White "Lordul"]
[Black "Leanne"]
[Result "1-0"]
[WhiteElo "1753"]
[BlackElo "1386"]

1. d4 d5 2. Bf4 e6 3. e3 Nf6 4. Bg5 Be7 5. Bxf6 Bxf6 6. c3 Nc6 7. Bb5 Bd7 8.
Bxc6 Bxc6 9. g3 Qd7 10. f4 O-O-O 11. h4 Ba4 12. b3 Bc6 13. a4 Rhe8 14. Rh2 e5
15. fxe5 1-0

[Event "Challenge"]
[Site "http://www.queenalice.com/game.php?id=1864628"]
[Date "2025.10.22"]
[Round "-"]
[White "gizmokaka"]
[Black "Leanne"]
[Result "1-0"]
[WhiteElo "2810"]
[BlackElo "1390"]

1. e4 e5 2. Bc4 f5 3. d4 fxe4 4. Qh5+ g6 5. Qxe5+ Qe7 6. Qxh8 Nf6 7. Bg5 Qb4+ 8.
Nd2 d5 9. Qxf6 dxc4 10. Qd8+ Kf7 11. Qxc8 c3 12. Qxc7+ Kg8 13. Qxc3 1-0

[Event "Challenge"]
[Site "http://www.queenalice.com/game.php?id=1864629"]
[Date "2025.10.22"]
[Round "-"]
[White "Leanne"]
[Black "gizmokaka"]
[Result "0-1"]
[WhiteElo "1388"]
[BlackElo "2811"]

1. d4 Nf6 2. d5 e6 3. c4 exd5 4. cxd5 Bb4+ 5. Bd2 Nxd5 6. Bxb4 Nxb4 7. e4 d6 8.
Nc3 O-O 9. Nf3 Nd7 10. Be2 Re8 11. O-O Nc5 12. Nd5 Rxe4 13. Nxb4 Rxb4 0-1

[Event "Challenge"]
[Site "http://www.queenalice.com/game.php?id=1864709"]
[Date "2025.10.25"]
[Round "-"]
[White "Leanne"]
[Black "crisvolei"]
[Result "0-1"]
[WhiteElo "1382"]
[BlackElo "1545"]

1. e4 e5 2. g3 Bc5 3. Qe2 Qf6 4. Nf3 Nh6 5. Bg2 Ng4 6. d4 exd4 7. e5 Qf5 8. c3
d3 9. Qd2 Nxf2 10. Qg5 Qe4+ 11. Be3 Bxe3 12. Nbd2 Bxg5+ 13. Nxe4 Nxh1 14. Nfxg5
O-O 0-1

[Event "Challenge"]
[Site "http://www.queenalice.com/game.php?id=1864757"]
[Date "2025.10.26"]
[Round "-"]
[White "crisvolei"]
[Black "Leanne"]
[Result "1-0"]
[WhiteElo "1535"]
[BlackElo "1392"]

1. e4 e5 2. Bc4 f5 3. exf5 Nc6 4. Qh5+ g6 5. fxg6 Nf6 6. g7+ Nxh5 7. gxh8=Q Qe7
8. Na3 d6 9. c3 Bd7 10. Nb5 O-O-O 11. Qg8 Nf4 12. b4 Be6 13. Bxe6+ 1-0

[Event "Challenge"]
[Site "http://www.queenalice.com/game.php?id=1865966"]
[Date "2025.11.22"]
[Round "-"]
[White "Leanne"]
[Black "crisvolei"]
[Result "0-1"]
[WhiteElo "1373"]
[BlackElo "1554"]

1. e4 e5 2. Nf3 Qf6 3. d3 h6 4. Be2 d5 5. c4 dxe4 6. dxe4 g5 7. O-O Bc5 8. g3
Bh3 9. Kh1 Ne7 10. Nbd2 Bxf1 11. Qxf1 Qb6 12. Nb3 Bxf2 13. c5 Bxc5 14. Nxc5 Qxc5
15. b3 O-O 16. Bb2 Nbc6 17. Qh3 Kg7 18. Qh5 Qc2 19. Bxe5+ Nxe5 20. Nxe5 Qxe4+
21. Bf3 Qxe5 22. Rf1 Ng6 23. Bxb7 Rad8 0-1

[Event "Challenge"]
[Site "http://www.queenalice.com/game.php?id=1865967"]
[Date "2025.11.22"]
[Round "-"]
[White "crisvolei"]
[Black "Leanne"]
[Result "1-0"]
[WhiteElo "1563"]
[BlackElo "1364"]

1. e4 e6 2. d4 Nf6 3. Bg5 Be7 4. Qf3 O-O 5. Nc3 d5 6. e5 Ne4 7. Bxe7 Qxe7 8.
O-O-O Ng5 9. Nxd5 exd5 10. Qxd5 c6 11. Qb3 Be6 12. Qxb7 Qe8 13. Qxa8 c5 14. Qxa7
cxd4 15. Rxd4 Nc6 16. Bb5 Qc8 17. Bxc6 Qxc6 18. f3 Bf5 19. c4 Qe6 20. f4 Ne4 21.
Nf3 1-0

[Event "Challenge"]
[Site "http://www.queenalice.com/game.php?id=1866121"]
[Date "2025.11.24"]
[Round "-"]
[White "Leanne"]
[Black "matamuff"]
[Result "0-1"]
[WhiteElo "1399"]
[BlackElo "1770"]

1. d4 d6 2. c4 g6 3. Nf3 Bg7 4. g3 b6 5. Bg2 Bb7 6. O-O e6 7. Nc3 a6 8. c5 bxc5
9. dxc5 d5 10. Ng5 Ne7 11. e4 h6 12. exd5 Nxd5 13. Nxd5 Bxd5 14. Bxd5 Qxd5 15.
Nf3 Qxc5 16. Kg2 Qc6 17. Bf4 O-O 18. Rc1 Qd5 19. Bxc7 Qxd1 20. Rcxd1 Ra7 21. Rd8
Rxc7 22. Rxf8+ Kxf8 23. b4 Rc2 24. a4 Ke7 25. Rb1 Rc4 26. b5 axb5 27. Rxb5 Na6
28. Nh4 Rxa4 29. Nxg6+ Kf6 30. h4 Kxg6 31. h5+ Kh7 32. f4 Nb4 33. Kh3 Nd5 34.
Rb7 Kg8 35. f5 exf5 36. Rb1 f4 37. Rf1 Ra3 38. Kh4 Bf6+ 39. Kg4 Ne3+ 40. Kxf4
Nxf1 41. g4 Re3 42. Kf5 Ng3+ 43. Kxf6 Re6# 0-1

[Event "Challenge"]
[Site "http://www.queenalice.com/game.php?id=1866122"]
[Date "2025.11.24"]
[Round "-"]
[White "matamuff"]
[Black "Leanne"]
[Result "0-1"]
[WhiteElo "1808"]
[BlackElo "1381"]

1. Na3 e5 2. Nc4 d6 3. e4 Nf6 4. d3 d5 5. exd5 Qxd5 6. c3 Bd7 7. Bg5 Be7 8. Qf3
c6 9. Qxd5 cxd5 10. Nxe5 O-O 11. Bxf6 Bxf6 12. Nxd7 Nxd7 13. O-O-O Nc5 14. Nh3
b5 15. d4 Ne4 16. Bxb5 Rab8 17. Bd3 Bg5+ 18. Kc2 Bd2 19. f3 Bxc3 20. fxe4 Bxd4
21. exd5 Rxb2+ 22. Kc1 Rxa2 23. Nf4 Rc8+ 0-1

[Event "Challenge"]
[Site "http://www.queenalice.com/game.php?id=1866219"]
[Date "2025.11.26"]
[Round "-"]
[White "Leanne"]
[Black "crisvolei"]
[Result "0-1"]
[WhiteElo "1411"]
[BlackElo "1539"]

1. d4 e5 2. dxe5 d5 3. Nf3 h6 4. e3 Bg4 5. Be2 f5 6. exf6 Qxf6 7. O-O Nd7 8.
Qxd5 O-O-O 9. Nc3 Bc5 10. Ne4 Qe7 11. Nxc5 Nxc5 12. Qc4 Ne4 13. b4 Ngf6 14. a4
Nd6 15. Qa2 Nde4 16. Qc4 a6 17. b5 a5 18. Nd2 Bxe2 19. Qxe2 Nc3 20. Qf3 Nfe4 21.
Nxe4 Nxe4 22. Ba3 Nd2 23. Bxe7 Nxf3+ 24. Kh1 Nd2 25. Rfd1 Rd7 26. Bb4 axb4 27.
a5 Rhd8 28. a6 bxa6 29. bxa6 Kb8 30. a7+ Kb7 31. a8=Q+ Rxa8 32. Rxa8 Kxa8 33.
Ra1+ Kb7 34. Rc1 Nc4 35. e4 c5 36. f4 Rd2 37. e5 Na3 38. e6 Nxc2 39. e7 Re2 40.
e8=Q Rxe8 41. Rxc2 Re1# 0-1

[Event "Challenge"]
[Site "http://www.queenalice.com/game.php?id=1866220"]
[Date "2025.11.26"]
[Round "-"]
[White "crisvolei"]
[Black "Leanne"]
[Result "0-1"]
[WhiteElo "1573"]
[BlackElo "1356"]

1. e4 d6 2. d4 Nf6 3. f3 Nc6 4. Bb5 Bd7 5. c3 e5 6. dxe5 dxe5 7. Bg5 Be7 8. h4
h6 9. Bxf6 Bxf6 10. g4 Bxh4+ 11. Rxh4 Qxh4+ 12. Kf1 O-O-O 13. Qd5 h5 14. Qxf7
hxg4 15. Nd2 Qh6 16. Rd1 Rhf8 17. Qd5 Qh1 18. Ke2 gxf3+ 19. Ndxf3 Bg4 20. Qb3
Bxf3+ 21. Ke3 Bxd1 22. Qe6+ Kb8 23. Bxc6 Qxg1# 0-1

[Event "Challenge"]
[Site "http://www.queenalice.com/game.php?id=1866345"]
[Date "2025.11.29"]
[Round "-"]
[White "crisvolei"]
[Black "Leanne"]
[Result "0-1"]
[WhiteElo "1550"]
[BlackElo "1400"]

1. e4 e5 2. Qf3 d5 3. c4 dxe4 4. Qxe4 Nf6 5. Qc2 Be7 6. Nf3 Nc6 7. Bd3 Nd4 8.
Nxd4 Qxd4 9. Qa4+ Bd7 10. Qb3 b6 11. Nc3 O-O 12. O-O Qxd3 13. Nb5 Qg6 14. Nxc7
Bc6 15. Nxa8 Qxg2# 0-1

[Event "Challenge"]
[Site "http://www.queenalice.com/game.php?id=1866422"]
[Date "2025.12.1"]
[Round "-"]
[White "Leanne"]
[Black "crisvolei"]
[Result "0-1"]
[WhiteElo "1422"]
[BlackElo "1528"]

1. d4 e5 2. e3 Qf6 3. Nf3 c5 4. dxe5 Qf5 5. Bc4 Nh6 6. O-O Ng4 7. Bd5 Na6 8. c3
c4 9. Nh4 Qxe5 10. Qf3 Qxh2# 0-1

[Event "Challenge"]
[Site "http://www.queenalice.com/game.php?id=1866436"]
[Date "2025.12.1"]
[Round "-"]
[White "Leanne"]
[Black "crisvolei"]
[Result "0-1"]
[WhiteElo "1410"]
[BlackElo "1540"]

1. c4 e5 2. e3 Qf6 3. Nc3 c6 4. Ne4 Qf5 5. d3 Na6 6. Bd2 d5 7. Ng3 Qe6 8. cxd5
cxd5 9. Nf3 f6 10. e4 Nb4 11. Nf5 dxe4 12. dxe4 Bd7 13. N3h4 g5 14. Qh5+ Kd8 15.
Ng6 Nc2+ 16. Kd1 Nxa1 17. b3 Nxb3 18. Nxh8 Nxd2 19. Qxh7 Nxe4 20. Nf7+ Kc7 21.
N5d6 Nxf2+ 22. Ke1 Nxh1 23. Qxg8 Qxa2 0-1

[Event "Challenge"]
[Site "http://www.queenalice.com/game.php?id=1866442"]
[Date "2025.12.2"]
[Round "-"]
[White "Leanne"]
[Black "game"]
[Result "0-1"]
[WhiteElo "1397"]
[BlackElo "1427"]

1. d4 c6 2. c4 d5 3. Nc3 dxc4 4. Nf3 Nf6 5. e4 b5 6. d5 c5 7. Nxb5 Bd7 8. Bxc4
Nxe4 9. O-O Qa5 10. Qd3 Bf5 11. d6 Nxd6 12. Qd5 Nxc4 13. Nc3 Nb6 14. Qxf5 e6 15.
Qd3 c4 16. Qd2 Nd5 17. Qe2 Nc6 18. Nxd5 Qxd5 19. Ne5 Nxe5 20. Be3 Nd3 21. Rad1
Qe5 22. g3 Bc5 23. Qf3 O-O 24. b3 Nb2 25. Bxc5 Qxc5 26. bxc4 Nxd1 27. Rxd1 Rac8
0-1

[Event "Challenge"]
[Site "http://www.queenalice.com/game.php?id=1866443"]
[Date "2025.12.2"]
[Round "-"]
[White "game"]
[Black "Leanne"]
[Result "1-0"]
[WhiteElo "1442"]
[BlackElo "1382"]

1. e4 e6 2. Nf3 Nc6 3. Bb5 Nd4 4. Nxd4 Bc5 5. Nb3 Bb6 6. d4 Nf6 7. Qf3 h6 8. e5
Nd5 9. Qg3 f6 10. Qxg7 Rf8 11. Bxh6 Qe7 12. Qg6+ Qf7 13. Qg3 fxe5 14. Bxf8 exd4
15. Bh6 d3 16. Bxd3 d6 17. O-O Nf4 18. Bxf4 Qe7 19. Bb5+ Bd7 20. a4 O-O-O 21.
Bg5 Qe8 22. Bxd8 Bxb5 23. axb5 Qxb5 24. Qg8 Qf5 25. Bh4+ Kd7 26. Qg7+ Kc6 27.
Na3 Qf4 28. Qc3+ 1-0